Sensor and ad-hoc networks : theoretical and algorithmic aspects (Record no. 11907)

000 -LEADER
fixed length control field 00787cam a22002295a 4500
001 - CONTROL NUMBER
control field 15078140
005 - DATE AND TIME OF LATEST TRANSACTION
control field 20170105102350.0
008 - FIXED-LENGTH DATA ELEMENTS--GENERAL INFORMATION
fixed length control field 071113s2008 nyu 000 0 eng
010 ## - LIBRARY OF CONGRESS CONTROL NUMBER
LC control number 2007941257
020 ## - INTERNATIONAL STANDARD BOOK NUMBER
International Standard Book Number 9780387773193 (hardcover : alk. paper)
020 ## - INTERNATIONAL STANDARD BOOK NUMBER
International Standard Book Number 9780387773209 (ebook)
040 ## - CATALOGING SOURCE
Original cataloging agency DLC
Transcribing agency DLC
Modifying agency DLC
245 00 - TITLE STATEMENT
Title Sensor and ad-hoc networks : theoretical and algorithmic aspects
Remainder of title theoretical and algorithmic aspects
Statement of responsibility, etc. Kami Makki, Xiang-Yang Li, Niki Pissinou.
260 ## - PUBLICATION, DISTRIBUTION, ETC.
Place of publication, distribution, etc. New York :
Name of publisher, distributor, etc. Springer,
Date of publication, distribution, etc. 2008.
263 ## - PROJECTED PUBLICATION DATE
Projected publication date 0803
300 ## - PHYSICAL DESCRIPTION
Extent xiii, 311 p.
Other physical details ill:,
Dimensions 25 cm.
490 0# - SERIES STATEMENT
Series statement Lecture notes in electrical engineering ;
Volume/sequential designation 7
504 ## - BIBLIOGRAPHY, ETC. NOTE
Bibliography, etc. note Includes index.
906 ## - LOCAL DATA ELEMENT F, LDF (RLIN)
a 0
b ibc
c orignew
d 2
e epcn
f 20
g y-gencatlg
942 ## - ADDED ENTRY ELEMENTS (KOHA)
Source of classification or shelving scheme
Koha item type Book
Holdings
Withdrawn status Lost status Damaged status Not for loan Collection code Permanent Location Current Location Shelving location Date acquired Source of acquisition Cost, normal purchase price Total Checkouts Full call number Barcode Date last seen Price effective from Koha item type
          Central Library (CL) Central Library (CL) General Stacks 06/01/2013 Progressive International Agencies 11468.69   621.3821 MAK SEECS012412 06/10/2013 01/05/2017 Book
© 2023 Central Library, National University of Sciences and Technology. All Rights Reserved.